00744 a2200241 4500001000700000003000400007005001700011008004100028020003100069082002000100100001700120245012700137250001300264260003600277300001500313500005300328653001500381653001500396653002800411653001500439700002600454700002200480147289OSt20230607155427.0  a9788120347212c(Paperback) a658.3bH43M2221 aHersey, Paul1 aManagement of organizational behavior : leading human resourcescby Hersey Paul, Kenneth H. Blanchard and Dewey E. Johnson a10th ed. aDelhibPHI Learningc2013, 2022 axix, 338p. aAcc.No.42569-42571: Year of Publication is 2022. aManagement aLeadership aOrganizational behavior aManagement aBlanchard, Kenneth H. aJohnson, Dewey E.